LDR 00803nam a2200217 i 4500 001 000000045322 003 CaOOAMICUS 005 20250813143107.0 008 121019s17uu it u000 u lat u 013 $a16492 040 $aSeMil$bita 245 10$a[Praelectiones theologicae de Ecclesia]. 260 $a[S.l.] :$b[s.n.],$c[17-?] 300 $aP. 442-678 ;$c12°. 500 $aManca il front. - Non possibile risalire a quale opera appartenga. 650 4$aEcclesiologia.$0(OLS)http://semarc/subject/42996 850 $aSeMil 852 $aSeMil$W1$xVenegono$y1$m2C I 71 FA$j11477$B11477$CSeMilBibl$Z2$F11477 $8I 996 $6245$a[Praelectiones theologicae de Ecclesia]$9(OLS)http://semarc/title/67345 996 $6260$a[S.l.] :$b[s.n.]$9(OLS)http://semarc/publisher/34126